| 000 | 00507nam a2200193Ia 4500 | ||
|---|---|---|---|
| 003 | GCL | ||
| 008 | 140319s9999 xx 000 0 aFre d | ||
| 040 |
_aGCL / _cGCL |
||
| 082 | 0 | 4 |
_a031 _bA W |
| 100 | 1 | _aAHMED FAKHRY | |
| 245 | 1 | 0 |
_aWHO'S WHO / _cAHMED FAKHRY |
| 700 | 1 | _aAHMED F. SAHAB | |
| 260 |
_aالقاهرة : _bNATIONAL RESEARCH CENTER ، _c1989 |
||
| 300 |
_a24 CM ؛ _c515 P |
||
| 650 | 0 | 4 | _aENCYCLOPEDIAS AND DICTIONARIES |
| 650 | 0 | 4 | _aBIOGRAPHY |
| 650 | 0 | 4 | _aBIOGRAPHIES |
| 942 |
_2ddc _cBK |
||
| 999 |
_c1584 _d1584 |
||